000 00376 a2200169 4500
001 189518
020 _a978-85-286-1513-5
040 _cMagnum
100 _aMoore, Christopher
240 1 0 _aUm trabalho sujo
_lpor
245 1 0 _aUm trabalho sujo
300 _a448
362 0 _a2011
440 1 _aBertrand Brasil
697 _aLITERATURA GERAL ESTRANGEIRA
942 _cBK
999 _c189518
_d189518